LEADER 03342nam 2200601 a 450 001 9910144012103321 005 20170816122311.0 010 $a1-282-34782-9 010 $a9786612347825 010 $a0-470-51434-5 010 $a0-470-51435-3 035 $a(CKB)1000000000376016 035 $a(EBL)470503 035 $a(OCoLC)609849437 035 $a(SSID)ssj0000309089 035 $a(PQKBManifestationID)11235253 035 $a(PQKBTitleCode)TC0000309089 035 $a(PQKBWorkID)10259694 035 $a(PQKB)10573638 035 $a(MiAaPQ)EBC470503 035 $a(EXLCZ)991000000000376016 100 $a19920727d1992 uy 0 101 0 $aeng 135 $aur|n|---||||| 181 $ctxt 182 $cc 183 $acr 200 00$aSecondary metabolites$b[electronic resource] $etheir function and evolution /$f[editors, Derek J. Chadwick and Julie Whelan] 210 $aChichester [England] ;$aNew York $cWiley$d1992 215 $a1 online resource (330 p.) 225 1 $aCiba Foundation symposium ;$v171 300 $a"A Wiley-Interscience publication." 311 $a0-471-93447-X 320 $aIncludes bibliographical references and indexes. 327 $aSECONDARY METABOLITES: THEIR FUNCTION AND EVOLUTION; Contents; Introduction; Microbial secondary metabolism: a new theoretical frontier for academia, a new opportunity for industry; Evolution of secondary metabolite production: potential roles for antibiotics as prebiotic effectors of catalytic RNA reactions; Why are secondary metabolites synthesized? Sophistication in the inhibition of cell wall biosynthesis by vancomycin group antibiotics; Origins of secondary metabolism; Genes for polyketide secondary metabolic pathways in microorganisms and plants 327 $aGenes for the biosynthesis of B-lactam compounds in microorganismsRegulation of gibberellin formation by the fungus Gibberella fujikuroi; Genetic regulation of secondary metabolic pathways in Streptomyces; Terpenoid cyclases: design and function of electrophilic catalysts; Role of secondary metabolites from microbes; Self-protection mechanisms in antibiotic producers; Useful functions of microbial metabolites; Secondary metabolites from marine organisms; Roles for secondary metabolites in plants; Defensins: endogenous antibiotic peptides from human leukocytes 327 $aFinal discussion: Metabolism and cell individualizationOrigins of secondary metabolism; Index of contributors; Subject index 330 $aA comprehensive review of current thinking on the biosynthesis, function and evolution of secondary metabolites in animals, plants and microorganisms. Examines the traditional context of secondary metabolites as natural products having no obvious part to play in the producing organism's life cycle. Covers issues related to genetic and antibiotic applications. 410 0$aCiba Foundation symposium ;$v171. 606 $aMetabolism, Secondary$vCongresses 608 $aElectronic books. 615 0$aMetabolism, Secondary 676 $a574.19 676 $a574.1924 701 $aChadwick$b Derek$091632 701 $aWhelan$b Julie$0322651 801 0$bMiAaPQ 801 1$bMiAaPQ 801 2$bMiAaPQ 906 $aBOOK 912 $a9910144012103321 996 $aSecondary metabolites$92041674 997 $aUNINA LEADER 04912nam 2200625zu 450 001 9910162889503321 005 20210803233329.0 010 $a2-336-39776-5 035 $a(CKB)3810000000043713 035 $a(SSID)ssj0001645841 035 $a(PQKBManifestationID)16414544 035 $a(PQKBTitleCode)TC0001645841 035 $a(PQKBWorkID)14954106 035 $a(PQKB)10777020 035 $a(EXLCZ)993810000000043713 100 $a20160829d2015 uy 101 0 $afre 181 $ctxt 182 $cc 183 $acr 200 10$aPoux, puces, punaises, la vermine de l'homme : découverte, descriptions et traitements : Antiquité, Moyen Âge, époque moderne 210 31$a[Place of publication not identified]$cL'Harmattan$d2015 300 $aBibliographic Level Mode of Issuance: Monograph 311 $a2-343-07898-X 327 $gPt. 1.$tMots, maux et traces : de?couvrir, identifier, nommer --$t"Le dermatologue du XXIe sie?cle et les ectoparasites" --$t"Subir, ou lutter contre les ectoparasites dans les populations du passe? : l'apport de l'anthropologie biologique" --$t"Ectoparasites de l'Homme : le regard de l'arche?o-entomologiste" --$t"Quelques insectes de l'Egypte ancienne" --$t"Le pou, la puce, la punaise et l'Autre. Non-dits et sous-entendus sur la vermine dans les textes grecs" --$t"Puces et poux dans quelques proverbiers de la pe?ninsule ibe?rique et leurs poste?rite?s : miroir compare? des socie?te?s pe?ninsulaires" --$t"Chanter ou dire pouilles: poux, puces et punaises dans les dictionnaires et lexiques de l'e?poque moderne" --$gPt. 2.$tConnai?tre et combattre la vermine --$t"Puces et punaises, poux et phtiriase dans les textes me?dicaux et agronomiques latins de l'Antiquite? : le lien entre e?tiologie et traitement" --$t"La phtheiriasis chez Galien et les pharmacologues grecs" --$t"La vermine de l'homme dans les Libri medicinales d'Aetius d'Amida" --$t"Recommandations des me?decins et agronomes "arabes" pour lutter contre la vermine" --$t"Pluralite? des regards face aux "nuisibles". Textes me?die?vaux arabes et persans" --$t"Me?decins et chirurgiens salernitains face aux maladies parasitaires-(XIe-XIIe sie?cles)" --$t"Poux, puces et punaises chez les naturalistes du XIIIe sie?cle : de simples vermes ou des parasites nuisibles ?" --$t"Minuta atque taediosa : la vermine de l'homme dans le travail encyclope?dique de Juan Gil de Zamora" --$t"An pedicull; pulices et cimices sunt venena ? L'approche des poux, puces et punaises dans la production "ve?ne?nologique" de l'Occident chre?tien, XIVe-XVe sie?cles" --$t"Chiques, ravets, poux de bois et autres vermines : la plaie des Petites Antilles a? l'e?poque coloniale (XVIIe sie?cle)" --$t"La vermine de Versailles : une histoire e?pidermique (XVIIe- XVIIIe sie?cles)" --$gPt. 3.$t: Du corps a? l'esprit --$t"Les myste?res de la phtiriase" --$t"Poux, puces et punaises a? Byzance (IVe-XIe sie?cles) : entre nature et surnaturel" --$t"Des araigne?es et des mouches dans les calices au Moyen A?ge" --$t"Les de?mangeaisons du poe?te burlesque" --$t"Puces sauteuses et de?mangeaisons amoureuses a? l'e?poque moderne" --$t""Vois cette puce et vois par elle". Poux, puces, punaises, les ectoparasites dans la litte?rature europe?enne" --$t"Iconographie des parasites dans l'Europe des temps modernes. Poux, puces et autres parasites dans l'art des XVIe et XVIIe sie?cles". 606 $aInsects as carriers of disease$xHistory$vCongresses 606 $aLice as carriers of disease$xHistory$vCongresses 606 $aFleas as carriers of disease$xHistory$vCongresses 606 $aLice$xHistory$xControl$vCongresses 606 $aFleas$xHistory$xControl$vCongresses 606 $aHemiptera$xHistory$xControl$vCongresses 606 $aParasitology$xHistory$vCongresses 606 $aTransmission of Disease$2HILCC 606 $aPublic Health$2HILCC 606 $aHealth & Biological Sciences$2HILCC 615 0$aInsects as carriers of disease$xHistory 615 0$aLice as carriers of disease$xHistory 615 0$aFleas as carriers of disease$xHistory 615 0$aLice$xHistory$xControl 615 0$aFleas$xHistory$xControl 615 0$aHemiptera$xHistory$xControl 615 0$aParasitology$xHistory 615 7$aTransmission of Disease 615 7$aPublic Health 615 7$aHealth & Biological Sciences 702 $aSamama$b Evelyne 702 $aSamama$b Evelyne 702 $aCollard$b Franck 702 $aCollard$b Franck 712 12$aRencontres d'histoire de la mâedecine, des pratiques et des reprâesentations mâedicales dans les sociâetâes anciennes 801 0$bPQKB 906 $aBOOK 912 $a9910162889503321 996 $aPoux, puces, punaises, la vermine de l'homme : découverte, descriptions et traitements : Antiquité, Moyen Âge, époque moderne$92592020 997 $aUNINA